Lord of the Rings & The Hobbit Characters - Statistics

General Stats
  • This quiz has been taken 2,153 times
    2,144 since last reset
  • The average score is 42 of 62
Answer Stats
Answer % Correct
2~ Gray/White Wizard Gandalf
100%
1~ The Ring-Bearer Frodo
99%
3~The Protector Hobbit Sam
99%
7~ The Bow / Elf Legolas
98%
6~ The Rightful King Aragorn
96%
8~ The Axe / Dwarf Gimli
96%
4~ The Strong-Willed Hobbit Merry
96%
5~ Clueless Hobbit Pippin
96%
12~ The Lord of Rivendell Elrond
94%
46~ Adventurous Hobbit Bilbo
92%
9~ Gondorian Soldier Boromir
92%
24~ The Great and Powerful Eye Sauron
92%
16~ Lady of Light Galadriel
90%
23~ The White Wizard Saruman
90%
10~ Gondorian Ranger Faramir
89%
47~ Heir to the Throne of Durin Thorin
88%
13~ The Love of the King Arwen
85%
49~ Second Youngest & Brother to #48 & Nephew to #47 Fili
85%
48~ Youngest Dwarf & Nephew to #47 & Brother to #49 Kili
85%
50~ Father to #8 and Dwarf with Red beard, Brown Hood Gloin
84%
31~ Other Name for #30 Gollum
84%
62~ The Brown Wizard Radagast
80%
21~ Rohan's King Theoden
80%
59~Older Brother to #58, Wore Red Hood, Had White Beard Balin
79%
20~ Rohan Shieldmaiden Eowyn
78%
57~ Biggest Dwarf in the Party Bombur
77%
51~ Brother to #50, Wore Brown Hood Oin
77%
30~ Twisted Tormented Hobbit Smeagol
76%
58~Younger Brother to #59, Wore Dark Green Hood Dwalin
75%
19~ Marshal of the Riddermark Eomer
75%
56~ Brother to #57, Wore a Yellow Hood Bofur
74%
44~ Horse of #2 Shadowfax
74%
55~ Cousin to #56 & #57, Wore a Yellow Hood Bifur
73%
11~ The Steward Denethor
73%
45~ Spider Shelob
73%
17~ Lord of Light Celeborn
72%
22~ Rohan's Snake Grima
72%
54~ Brother of #52 & #53, Wore a Purple Hood Nori
71%
52~ Younger Brother to #53 & #54, Wore a Grey Hood Ori
71%
53~ Tasked with carrying #46 through the caves Dori
68%
26~ The Nazgul Rider Witch King
68%
32~ Man Deceived by the Ring (King) Isildur
66%
33~ Mouth of Fangorn Treebeard
65%
61~ "Skin-Changer" could take the Shape of a Bear Beorn
64%
39~ Elvenking and Father to #7 Thranduil
64%
60~The White Orc Azog
62%
28~ The Love of the Hobbit Rosie
60%
29~ #30's Cousin Deagol
58%
18~ Lorien Elf Ranger Haldir
54%
42~ Old High King and Father to #32 Elendil
37%
41~Uruk-Hai Captain & Killed #9 Lurtz
37%
35~ Captian to Rohan King's Guard Hama
33%
25~ Rohan's King Soldier Gamling
30%
15~ The Elvish Twin Elrohir
29%
14~ The Elvish Twin Elladan
27%
40~ Last High Elf King of Noldor Gil-Galad
25%
27~ Leads the Raid at Osgiliath Gothmog
25%
43~ This guy is like a "skeleton" King of the Dead
14%
34~ Warg Rider Chief Sharku
10%
38~ Boy Child of #36 and Brother of #37 Eothain
9%
37~ Girl Child of #36 and Sister of #38 Freda
9%
36~ Mother Who Sent Her Children to Edoras Morwen
5%
No matching quizzes found
Score Distribution
Percent of People with Each Score
Percentile by Number Answered
Your Score History
You have not taken this quiz since the last reset